000
00191 a2200097 4500
041
_a
spa
100
_a
Peters, Sharon
245
_a
Listos, en sus Marcas, Adelante
942
_c
BK
952
_7
1
999
_c
19042
_d
19042